European music directory 2001 Volume 1 Orchestras, competitions and prizes, festivals, agencies, radio and television, associations and foundations, teaching and instruction, documentation and research Volume 2 Music industry, trade, studios and record companies, music publishers, indexes

Bibliographic Details
Other Authors: Collas, Wolfgang von (upr)
Format: Book
Language:English
Published: München K.G. Saur 2001
Subjects:

MARC

LEADER 00000nam a2200000 a 4500
001 vtls001411720
003 SK-MaSNL
005 20260302035100.0
008 251124s2001 DE c r y 0 eng
020 |a 3598114117  |c 6602,00 
035 |a SNK000366429 
040 |a SNK  |b slo  |c SNK  |e AACR2 
044 |a DE 
080 |a 78(4)(058)  |2 1981 
245 1 |a European music directory 2001  |n Volume 1  |p Orchestras, competitions and prizes, festivals, agencies, radio and television, associations and foundations, teaching and instruction, documentation and research  |n Volume 2  |p Music industry, trade, studios and record companies, music publishers, indexes  |c [editors: Wolfgang von Collas ... [et al.]] 
260 |a München  |b K.G. Saur  |c 2001 
300 |a 2 zv. (1028 s.)  |c 29 cm 
650 0 7 |a hudba  |x organizácie hudobné  |x adresáre  |z Európa  |2 SNK  |9 687476 
700 1 |a Collas, Wolfgang von  |4 upr  |9 687477 
919 |a 3-598-11411-7 
999 |c 1069168  |d 1071098 
952 |t snkEUR/1/01 78(4)(058)  |a SNKUST  |b SNKUST  |y PREZ  |7 0  |p 17A0271398  |o snkIB 70277/1  |i snkZK 553/2001  |8 4  |0 0  |1 0  |4 0  |d 2001-04-23  |l 0  |r 2025-05-29 00:00:00  |w 2026-02-24 
952 |t snkEUR/2/01 78(4)(058)  |a SNKUST  |b SNKUST  |y PREZ  |7 0  |p 17A0271395  |o snkIB 70277/2  |i snkZK 554/2001  |8 4  |0 0  |1 0  |4 0  |d 2001-04-23  |l 0  |r 2025-05-30 00:00:00  |w 2026-02-24